Mineral processing technology: an introduction to the practical aspects of ore treatment and mineral recovery (4th ed.) (Record no. 77671)

MARC details
000 -LEADER
fixed length control field 01429nam a2200205 a 4500
008 - FIXED-LENGTH DATA ELEMENTS--GENERAL INFORMATION
fixed length control field 120416s1988 ||||||||||||||||| || u
050 ## - LIBRARY OF CONGRESS CALL NUMBER
Classification number TN 500 Wil
100 ## - MAIN ENTRY--PERSONAL NAME
Personal name Wills, B. A. (Barry Alan)
245 10 - TITLE STATEMENT
Title Mineral processing technology: an introduction to the practical aspects of ore treatment and mineral recovery (4th ed.)
250 ## - EDITION STATEMENT
Edition statement 4th. ed.
260 ## - PUBLICATION, DISTRIBUTION, ETC.
Place of publication, distribution, etc. Oxford:
Name of publisher, distributor, etc. Pergamon Press
Date of publication, distribution, etc. 1988
300 ## - PHYSICAL DESCRIPTION
Extent vii, 784p. : ill.
350 ## -
-- 0.00
995 ## -
-- TEXTBOOKS (MIN.ENG.)
-- 0.00
-- 3953
-- CBU-SCHOOL TEXTBOOK COLLECTIONS
-- 1
-- 0.00
-- SCHOOL TEXTBOOK
-- 4
-- AVAILABLE
-- Aug 18, 2009
-- 3953
-- School Collections
995 ## -
-- TEXTBOOKS (MIN.ENG.)
-- 0.00
-- 3952
-- CBU-SCHOOL TEXTBOOK COLLECTIONS
-- 1
-- 0.00
-- SCHOOL TEXTBOOK
-- 3
-- AVAILABLE
-- Aug 18, 2009
-- 3952
-- School Collections
995 ## -
-- MAIN LIBRARY OPEN ACCESS
-- 0.00
-- 721516
-- CBU-MAIN LIBRARY (Kitwe)
-- 1
-- 0.00
-- TN 500 WIL
-- 1
-- AVAILABLE
-- Apr 25, 2006
-- 015876
-- Main Library Open Access Collection
995 ## -
-- TEXTBOOKS (MIN.ENG.)
-- 0.00
-- 3954
-- CBU-SCHOOL TEXTBOOK COLLECTIONS
-- 1
-- 0.00
-- SCHOOL TEXTBOOK
-- 5
-- AVAILABLE
-- Aug 18, 2009
-- 3954
-- School Collections
995 ## -
-- TEXTBOOKS (MIN.ENG.)
-- 0.00
-- 3951
-- CBU-SCHOOL TEXTBOOK COLLECTIONS
-- 1
-- 0.00
-- SCHOOL TEXTBOOK
-- 2
-- AVAILABLE
-- Aug 18, 2009
-- 3951
-- School Collections
995 ## -
-- TEXTBOOKS (MIN.ENG.)
-- 0.00
-- 3955
-- CBU-SCHOOL TEXTBOOK COLLECTIONS
-- 1
-- 0.00
-- SCHOOL TEXTBOOK
-- 6
-- AVAILABLE
-- Aug 18, 2009
-- 3955
-- School Collections
999 ## -
-- 77671
-- 77671
Holdings
Withdrawn status Lost status Source of classification or shelving scheme Damaged status Not for loan Permanent Location Current Location Shelving location Date acquired Total Checkouts Full call number Barcode Date last seen Copy number Price effective from Koha item type
          CBU-MAIN LIBRARY, KITWE. CBU-MAIN LIBRARY, KITWE.   05/03/2023   TN 500 Wil 015876 05/03/2023 3 05/03/2023 MONOGRAPH
          CBU-SCHOOL TEXT BOOK COLLECTION CBU-SCHOOL TEXT BOOK COLLECTION   05/03/2023   TN 500 Wil 3953 05/03/2023 1 05/03/2023 MONOGRAPH
          CBU-SCHOOL TEXT BOOK COLLECTION CBU-SCHOOL TEXT BOOK COLLECTION   05/03/2023   TN 500 Wil 3952 05/03/2023 2 05/03/2023 MONOGRAPH
          CBU-SCHOOL TEXT BOOK COLLECTION CBU-SCHOOL TEXT BOOK COLLECTION   05/03/2023   TN 500 Wil 3954 05/03/2023 4 05/03/2023 MONOGRAPH
          CBU-SCHOOL TEXT BOOK COLLECTION CBU-SCHOOL TEXT BOOK COLLECTION   05/03/2023   TN 500 Wil 3951 05/03/2023 5 05/03/2023 MONOGRAPH
          CBU-SCHOOL TEXT BOOK COLLECTION CBU-SCHOOL TEXT BOOK COLLECTION   05/03/2023   TN 500 Wil 3955 05/03/2023 6 05/03/2023 MONOGRAPH